| 000 | 01123nam a2200217 a 4500 | ||
|---|---|---|---|
| 008 | 160608s2014 ||||||||||||||||| || u | ||
| 020 | _a9781471801563 | ||
| 050 | _aHF 5385 Sla | ||
| 100 | _aSlater, Rus | ||
| 245 | 1 | 4 |
_aThe management coach _cBy Rus,Slater. |
| 260 |
_aLondon _bHodder & Stoughton _c2014 |
||
| 300 | _ax, 226p.: ill. | ||
| 350 | _a16.99 | ||
| 650 | 0 | _aMANAGEMENT | |
| 650 | _aMENTORING IN BUSINESS | ||
| 650 | _aEMPLOYEES--COACHING OF | ||
| 995 |
_aMAIN LIBRARY OPEN ACCESS _e745839 _FCBU-MAIN LIBRARY (Kitwe) _I16.99 _jHF 5385 Sla _M1 _UAVAILABLE _WJul 21, 2016 _y745839 _ZMain Library Open Access Collection |
||
| 995 |
_aMAIN LIBRARY OPEN ACCESS _e745840 _FCBU-MAIN LIBRARY (Kitwe) _I16.99 _jHF 5385 Sla _M2 _UAVAILABLE _WJul 21, 2016 _y745840 _ZMain Library Open Access Collection |
||
| 995 |
_aANNEX COLLECTION (Main Library) _e745842 _FCBU-MAIN LIBRARY (Kitwe) _I16.99 _jHF 5385 Sla _M4 _UAVAILABLE _WJul 21, 2016 _y745842 _ZAnnex Low-Usage Collection |
||
| 995 |
_aANNEX COLLECTION (Main Library) _e745841 _FCBU-MAIN LIBRARY (Kitwe) _I16.99 _jHF 5385 Sla _M3 _UAVAILABLE _WJul 21, 2016 _y745841 _ZAnnex Low-Usage Collection |
||
| 999 |
_c82420 _d82420 |
||